000 00582nam a2200181Ia 4500
003 OSt
005 20200518094326.0
008 190216s9999||||xx |||||||||||||| ||und||
020 _a0521291364
040 _coclc
082 _a910.031767
_bHOL/C
100 _aHolt, P M
_92346
245 4 _aThe Cambridge History Of Islam /
_cP M Holt ; Ann K S Lambton ; Bernard Lewis
260 _bCambridge Uty Press,
_c1980.
_aLondon:
300 _a815p
650 0 _aHistory & geography
_92271
_vIslamic History
942 _cBK
_2ddc
_h910.031767
_iHOL/C
_k910.031767
_mHOL/C
999 _c20481
_d20481